A SHORT TEXT BOOK OF PATHOLOGY (Record no. 18599)

MARC details
000 -LEADER
fixed length control field 00315nam a22001457a 4500
003 - CONTROL NUMBER IDENTIFIER
control field SGT
082 ## - DEWEY DECIMAL CLASSIFICATION NUMBER
Classification number 616.07
Item number S13S
100 ## - MAIN ENTRY--PERSONAL NAME
Personal name SAJAL, TAHMINUR,R.
245 ## - TITLE STATEMENT
Title A SHORT TEXT BOOK OF PATHOLOGY
250 ## - EDITION STATEMENT
Edition statement 2ND
260 ## - PUBLICATION, DISTRIBUTION, ETC. (IMPRINT)
Place of publication, distribution, etc INDIA
Name of publisher, distributor, etc JAYPEE PUB
Year of Publication 2013
300 ## - PAGE DESCRIPTION
No. of Pages 609
650 ## - SUBJECT ADDED ENTRY--TOPICAL TERM
Topical term or geographic name as entry element HOMOEOPATHIC
942 ## - ADDED ENTRY ELEMENTS (KOHA)
Source of classification or shelving scheme Dewey Decimal Classification
Koha item type Books
Holdings
Withdrawn status Lost status Source of classification or shelving scheme Damaged status Not for loan Home library Current library Shelving location Date acquired Vendor Name Cost, normal purchase price SGTU Bill Number Total Checkouts Full call number Accession No. (Barcode) Date last seen Bill Date Koha item type
    Dewey Decimal Classification     Homeopathy Library Homeopathy Library Text Book 29/07/2019 ABC , PUB 695.00 SGTU 7136   616.07 S13S FH769 29/07/2019 09/08/2016 Books
    Dewey Decimal Classification     Homeopathy Library Homeopathy Library Text Book 29/07/2019 ABC , PUB 695.00 SGTU 7136   616.07 S13S FH770 29/07/2019 09/08/2016 Books
    Dewey Decimal Classification     Homeopathy Library Homeopathy Library Text Book 29/07/2019 ABC , PUB 695.00 SGTU 7136   616.07 S13S FH771 29/07/2019 09/08/2016 Books